000 00777nam a22002777a 4500
001 BR6000153
003 BR-BrBNA
005 20240126113513.0
007 ta
008 230509b bl.||||| |||| 00| 0 por d
040 _aBR-BrBNA
_bpor
_cBiblioteca Nacional de Agricultura
041 _a(Por)
072 _aA50; E30; E10
090 _aA50
_bBR6000153
100 1 _aSchuh, G.Edward
110 1 _aCentro de Pesquisas do Cacau, Ilheus, BA (Brasil)
_91631
245 1 _aA pesquisa e o desenvolvimento agricola no Brasil
260 3 _aIlheus, BA (Brasil):
_c[nd].
300 _a16 p.
500 _aPublished after 1969
650 _aDESENVOLVIMENTO AGRICOLA
650 _aECONOMIA AGRICOLA
650 _aPESQUISA AGRICOLA
650 _aINVESTIMENTO
942 _cBK
_2AGRIS
999 _c11085
_d11085